| 000 | 00000nam##2200000za#4500 |
| 001 | 9.616352 |
| 003 | CaOODSP |
| 005 | 20211126112847 |
| 007 | ta |
| 008 | 150406|2003||||xxc||||| f|0| 0 eng|d |
| 022 | |a1192-5434 |
| 040 | |aCaOODSP|beng |
| 043 | |an-cn--- |
| 086 | 1 |aFB3-2/103-9E |
| 110 | 2 |aBank of Canada. |
| 245 | 10|aBank lending, credit shocks, and the transmission of Canadian monetary policy / |cby Joseph Atta-Mensah and Ali Dib. |
| 260 | |bBank of Canada |c2003. |
| 300 | |av, 29p. : |bgraphs, references, tables ; |c28 cm. |
| 490 | 1 |aWorking paper|x1192-5434|v2003-9 |
| 546 | |a(Résumés en français.) |
| 563 | |aSoftcover |
| 590 | |a03-18|b2003-05-02 |
| 690 | 07|aFinancial institutions|2gcpds |
| 690 | 07|aMonetary policy|2gcpds |
| 720 | 1 |aAtta-Mensah, Joseph |
| 776 | 0#|tBank lending, credit shocks, and the transmission of Canadian monetary policy / |w(CaOODSP)9.580560 |
| 830 | #0|aWorking paper,|x1192-5434|v2003-9|w(CaOODSP)9.514622 |